00763nam a2200193 a 450000100100000000500170001000800410002702000150006804000250008308200080010810000470011624501200016326000470028330000240033049000420035483000480039695201080044499900170055200003977720201002033728.0130719s2000 cl a 000 0 spa d a9562441210 aDO-SdBNPbspacBNPHU axxx1 aFeliú Cruz, Guillermo,d1900-197396597110aDurante la república :bPerfiles de la evolución política, social y constitucional /cGuillermo Feliú Cruz. aSantiago de Chile :bLOM Ediciones,c2000. av. :bil. ;c22 cm.1 aGuillermo Feliú: Obras escogidasv2 0aGuillermo Feliú:Obras escogidasv2965972 001050718MOaGRbGRcCTd2013-07-19iLF1l0oxxx p39777-10r2020-06-25w2020-06-25y1ZNo se presta c39267d39267